10 Największych Miast w Brazylii - Statystyki

Ogólne statystyki
  • Ten quiz został rozwiązany 61 razy
  • Średni wynik to 5 z 10
Statystyki odpowiedzi
Ludność (mln) Miasto % Poprawnych
6,3 Rio de Janeiro
95%
11,1 Sao Paulo
92%
2,5 Brasilia
85%
1,8 Manaus
45%
2,4 Belo Horizonte
43%
1,4 Porto Alegre
43%
1,7 Kurytyba
42%
2,4 Fortaleza
38%
1,5 Recife
32%
2,7 Salvador
22%
Nie znaleziono quizów pasujących do podanych kryteriów
Rozkład punktacji
Procent ludzi z każdym wynikiem
Percentyl według liczby udzielonych odpowiedzi
Twoja historia wyników
Nie rozwiązałeś tego quizu